| 000 | 00545nam a2200109Ia 4500 | ||
|---|---|---|---|
| 008 | 171212s9999 xx 000 0 und d | ||
| 100 | _aAuerbach, David I.;Pearson, Marjorie L.;Taylor, Diana;Battistelli, Molly;Sussell, Jesse | ||
| 245 |
_cAuerbach, David I.;Pearson, Marjorie L.;Taylor, Diana;Battistelli, Molly;Sussell, Jesse _aNurse Practitioners and Sexual and Reproductive Health Services _bAn Analysis of Supply and Demand |
||
| 260 |
_bRAND Corporation _c2012 |
||
| 650 | _aHealth Sciences | ||
| 856 | _uwww.jstor.org/stable/10.7249/j.ctt3fh09f | ||
| 999 |
_c352371 _d352371 |
||